000 00939na a2200265 4500
001 23812
003 MIRAKIL
005 20181213155318.0
008 171227b tu 000 0
020 _a975512439X
040 _aMilas
_btur
_cTR-AnCHP
041 _atur
082 _a346.54092026
_bİ77h 2000
090 _a346.54092026 İ77h 2000
110 _aİstanbul Ticaret Odası (İTO)
245 _aSorularla Hindistan yabancı sermaye mevzuatı
_chazırlayan Mualla Bilgin
260 _aİstanbul
_bİstanbul Ticaret Odası (İTO)
_c2000
_fSu Matbaacılık
300 _a30 s.
_bhrt. , tbl.
_c19 sm.
440 _aİstanbul Ticaret Odası
_vyayın no: 1999-89
490 _aTürk girişimcileri için yurtdışı yatırımlar rehberi dizisi
_v25
650 _aYabancı Sermaye
_xHukuk ve mevzuat
_zHindistan
650 _aYabancı Sermaye
_xHukuk ve mevzuat
_zTürkiye
700 _aBilgin, Mualla
_ehaz.
942 _2ddc
_cBKS
999 _c10380
_d10380